Normal view
MARC view
- INTERNATIONAL BUSINESS ENTERPRISES MANAGEMENT CASE STUDIES
Entry Topical Term
001 - CONTROL NUMBER
- control field: 74641
003 - CONTROL NUMBER IDENTIFIER
- control field: NUST
005 - DATE AND TIME OF LATEST TRANSACTION
- control field: 20210628205247.0
008 - FIXED-LENGTH DATA ELEMENTS
- fixed length control field: 210628|| aca||aabn | a|a d
040 ## - CATALOGING SOURCE
- Original cataloging agency: NUST
- Transcribing agency: NUST
150 ## - HEADING--TOPICAL TERM
- Topical term or geographic name entry element: INTERNATIONAL BUSINESS ENTERPRISES MANAGEMENT CASE STUDIES
670 ## - SOURCE DATA FOUND
- Source citation: Work cat.: (NUST): Hodgetts, Richard M. Luthans, F. 74640, International management, 1994
